[Event "FIN-chT 2022"]
[Site "Finland"]
[Date "2022.04.10"]
[Round "8.2"]
[White "Luukkonen, Tommi"]
[Black "Hartikainen, Markku"]
[Result "0-1"]
[WhiteElo "2324"]
[BlackElo "2285"]
[PlyCount "82"]
[EventDate "2020.09.12"]
[EventType "team-tourn"]
[EventRounds "11"]
[EventCountry "FIN"]
[SourceTitle "EXT 2023"]
[Source "ChessBase"]
[SourceDate "2022.10.05"]
[SourceVersion "1"]
[SourceVersionDate "2022.10.05"]
[SourceQuality "1"]
[WhiteTeam "Jyvaskyla JyS"]
[BlackTeam "Salo SalSK"]
[WhiteTeamCountry "FIN"]
[BlackTeamCountry "FIN"]

1. d4 d5 2. Nf3 Nf6 3. Bf4 e6 4. e3 Be7 5. c4 0-0 6. Nc3 c6 7. Qc2 Nbd7 8. Rd1 b6 9. cxd5 exd5 10. Bd3 Bb7 11. 0-0 Re8 12. Ne5 a6 13. e4 Nf8 14. Qb3 Ne6 15. Be3 Rc8 16. Bb1 dxe4 17. Nxe4 Nd5 18. f4 Nf8 19. Ng5 f6 20. Ngf7 Qc7 21. Bc1 fxe5 22. fxe5 c5 23. Qh3 cxd4 24. Nh8 g6 25. Nxg6 hxg6 26. Bxg6 Nxg6 27. Qe6+ Kh8 28. Qxg6 Rf8 29. Qh5+ Kg8 30. Bh6 Rxf1+ 31. Rxf1 Bf8 32. Qg6+ Bg7 33. Qe6+ Kh8 34. Qh3 Bxh6 35. Qxh6+ Kg8 36. Qe6+ Kg7 37. h4 Qe7 38. Qg4+ Kh7 39. Rf5 Rc6 40. Qh5+ Rh6 41. Rf7+ Kg8 0-1

[Event "FIN-chT 2022"]
[Site "Finland"]
[Date "2022.03.12"]
[Round "5.3"]
[White "Hartikainen, Markku"]
[Black "Tella, Jussi"]
[Result "1/2-1/2"]
[WhiteElo "2285"]
[BlackElo "2402"]
[PlyCount "82"]
[EventDate "2020.09.12"]
[EventType "team-tourn"]
[EventRounds "11"]
[EventCountry "FIN"]
[SourceTitle "EXT 2023"]
[Source "ChessBase"]
[SourceDate "2022.10.05"]
[SourceVersion "1"]
[SourceVersionDate "2022.10.05"]
[SourceQuality "1"]
[WhiteTeam "Salo SalSK"]
[BlackTeam "Espoo MatSK"]
[WhiteTeamCountry "FIN"]
[BlackTeamCountry "FIN"]

1. e4 e6 2. d4 d5 3. e5 c5 4. c3 Nc6 5. Nf3 Qb6 6. Be2 Nh6 7. Bxh6 gxh6 8. Qd2 Bd7 9. 0-0 Bg7 10. Na3 0-0 11. Nc2 cxd4 12. cxd4 f6 13. exf6 Rxf6 14. b4 Be8 15. b5 Ne7 16. a4 Nf5 17. a5 Qd6 18. Ne5 Rf8 19. f4 Qe7 20. Ne3 Nd6 21. Qb4 Rd8 22. Rac1 Bg6 23. g3 h5 24. a6 h4 25. axb7 Qxb7 26. Rc6 Nf5 27. Nxf5 Bxf5 28. g4 Be4 29. Rxe6 Rde8 30. Qd6 Rxe6 31. Qxe6+ Kh8 32. f5 Bf6 33. h3 Qc7 34. Bf3 Qc3 35. Bxe4 dxe4 36. Rf2 Qg3+ 37. Rg2 Qe3+ 38. Kh2 Qf4+ 39. Kh1 Qf1+ 40. Kh2 Qf4+ 41. Kg1 Qc1+ 1/2-1/2

[Event "FIN-chT 2022"]
[Site "Finland"]
[Date "2021.12.11"]
[Round "6.4"]
[White "Hartikainen, Markku"]
[Black "Mansner, Harry"]
[Result "1/2-1/2"]
[WhiteElo "2285"]
[BlackElo "2263"]
[PlyCount "127"]
[EventDate "2020.09.12"]
[EventType "team-tourn"]
[EventRounds "11"]
[EventCountry "FIN"]
[SourceTitle "EXT 2023"]
[Source "ChessBase"]
[SourceDate "2022.10.05"]
[SourceVersion "1"]
[SourceVersionDate "2022.10.05"]
[SourceQuality "1"]
[WhiteTeam "Salo SalSK"]
[BlackTeam "Helsinki Ninja"]
[WhiteTeamCountry "FIN"]
[BlackTeamCountry "FIN"]

1. e4 e5 2. Nf3 Nc6 3. Nc3 Nf6 4. d4 exd4 5. Nxd4 Bb4 6. Nxc6 bxc6 7. Bd3 0-0 8. 0-0 d5 9. exd5 cxd5 10. Bg5 c6 11. Qf3 Be7 12. h3 h6 13. Bf4 Be6 14. Rfe1 Re8 15. Rad1 Nd7 16. Ne2 Nc5 17. Nd4 Nxd3 18. Qxd3 Bd7 19. c4 dxc4 20. Qxc4 Qb6 21. b3 c5 22. Qd5 Rad8 23. Rxe7 Rxe7 24. Nc6 Bxc6 25. Qxd8+ Re8 26. Qd6 Qb7 27. f3 Bxf3 28. gxf3 Qxf3 29. Bg3 Re3 30. Bf2 Re6 31. Qd8+ Kh7 32. Qd3+ Rg6+ 33. Kf1 Qg2+ 34. Ke2 Kg8 35. Qd8+ Kh7 36. Qd3 Kg8 37. Rd2 Rf6 38. Qg3 Qe4+ 39. Qe3 Qg2 40. Rd8+ Kh7 41. Re8 g6 42. Re7 a5 43. Re5 Qh2 44. Re4 Rf5 45. Qg3 Qh1 46. Re5 Qa1 47. Rxf5 Qxa2+ 48. Kf1 Qb1+ 49. Kg2 Qxf5 50. Qf3 Qg5+ 51. Kh1 Qc1+ 52. Kh2 Kg7 53. Qd3 a4 54. bxa4 Qf4+ 55. Qg3 Qxa4 56. Qe5+ Kh7 57. Qxc5 Qf4+ 58. Kg2 Qe4+ 59. Kg1 Qb1+ 60. Kh2 Qb8+ 61. Bg3 Qb2+ 62. Qf2 Qxf2+ 63. Bxf2 g5 64. Kg2 1/2-1/2

[Event "Titled Tuesday intern op 20th Oct"]
[Site "Chess.com INT"]
[Date "2020.10.20"]
[Round "4"]
[White "Hartikainen, Markku"]
[Black "Funderburg, John T"]
[Result "1-0"]
[WhiteElo "2257"]
[BlackElo "2100"]
[PlyCount "71"]
[EventDate "2020.10.20"]
[EventType "swiss (blitz)"]
[EventRounds "11"]
[EventCountry "USA"]
[SourceTitle "EXT 2022"]
[Source "ChessBase"]
[SourceDate "2021.10.06"]
[SourceVersion "1"]
[SourceVersionDate "2021.10.06"]
[SourceQuality "1"]

1. e4 e6 2. d4 d5 3. e5 c5 4. c3 Nc6 5. Nf3 Bd7 6. Be2 Qb6 7. 0-0 Rc8 8. c4 Nxd4 9. Nxd4 cxd4 10. cxd5 exd5 11. Nd2 Be6 12. Nb3 Bc5 13. Bd3 Ne7 14. Bd2 0-0 15. Ba5 Qc6 16. Rc1 b6 17. Nxd4 Qb7 18. Bc3 Nc6 19. Nf5 Bxf5 20. Bxf5 Rcd8 21. Qf3 Qe7 22. Rfe1 Nd4 23. Bxd4 Bxd4 24. Bxh7+ Kxh7 25. Qd3+ Kg8 26. Qxd4 Rd7 27. f4 Qh4 28. g3 Qh3 29. Rc3 Rfd8 30. Rec1 Qg4 31. Kf2 g5 32. Qd1 Qh3 33. Kg1 d4 34. Rf3 g4 35. Rd3 Qh6 36. Rc4 1-0

[Event "FIN-chT 2022"]
[Site "Finland"]
[Date "2020.09.12"]
[Round "1.5"]
[White "Hartikainen, Markku"]
[Black "Vaatainen, Timo"]
[Result "1/2-1/2"]
[WhiteElo "2285"]
[BlackElo "2208"]
[PlyCount "85"]
[EventDate "2020.09.12"]
[EventType "team-tourn"]
[EventRounds "11"]
[EventCountry "FIN"]
[SourceTitle "EXT 2023"]
[Source "ChessBase"]
[SourceDate "2022.10.05"]
[SourceVersion "1"]
[SourceVersionDate "2022.10.05"]
[SourceQuality "1"]
[WhiteTeam "Salo SalSK"]
[BlackTeam "Helsinki Aatos"]
[WhiteTeamCountry "FIN"]
[BlackTeamCountry "FIN"]

1. e4 e5 2. Nc3 Nc6 3. Bc4 d6 4. Nf3 Be7 5. h3 Nf6 6. d4 0-0 7. Be3 Nxe4 8. Nxe4 d5 9. Bb5 dxe4 10. Bxc6 exf3 11. Bxf3 exd4 12. Qxd4 Bf6 13. Qxd8 Rxd8 14. 0-0 c6 15. Rad1 Bf5 16. c3 a5 17. Bb6 Re8 18. Rfe1 Rxe1+ 19. Rxe1 Be6 20. a3 Kf8 21. Rd1 Ke8 22. Be4 g6 23. Rd6 Kf8 24. f4 Be7 25. Rd2 f5 26. Bf3 a4 27. g4 Ra6 28. Bc7 fxg4 29. hxg4 Bc5+ 30. Kg2 Ra8 31. Kg3 Rc8 32. Be5 Be7 33. Be4 Rd8 34. Rh2 Bd5 35. Bb1 Kg8 36. f5 Bd6 37. Bxd6 Rxd6 38. Rd2 b5 39. Kf4 gxf5 40. Bxf5 Kg7 41. g5 h6 42. Ke5 Rd8 43. gxh6+ 1/2-1/2

[Event "FIN-chT 1920"]
[Site "Finland"]
[Date "2020.02.08"]
[Round "7.4"]
[White "Hartikainen, Markku"]
[Black "Lahdelma, Henri"]
[Result "1/2-1/2"]
[WhiteElo "2233"]
[BlackElo "2270"]
[PlyCount "45"]
[EventDate "2019.09.14"]
[EventType "team-tourn"]
[EventRounds "11"]
[EventCountry "FIN"]
[SourceTitle "CBM 195 Extra"]
[Source "ChessBase"]
[SourceDate "2020.05.31"]
[SourceVersion "1"]
[SourceVersionDate "2020.05.31"]
[SourceQuality "1"]
[WhiteTeam "Salo SalSK"]
[BlackTeam "Espoo MatSK"]
[WhiteTeamCountry "FIN"]
[BlackTeamCountry "FIN"]

1. e4 e6 2. d4 d5 3. e5 c5 4. c3 Nc6 5. Nf3 Bd7 6. Be2 Nge7 7. Na3 Nf5 8. Nc2 cxd4 9. cxd4 Qb6 10. 0-0 Rc8 11. b3 Nb4 12. Ne3 Nxe3 13. Bxe3 Be7 14. Ne1 Bb5 15. Bxb5+ Qxb5 16. Qg4 Kf8 17. Bg5 Bxg5 18. Qxg5 Qe2 19. Rc1 Nc6 20. Rc2 Qe4 21. Qd2 Ke7 22. Qg5+ Kf8 23. Qd2 1/2-1/2

[Event "FIN-chT 1920"]
[Site "Finland"]
[Date "2019.10.19"]
[Round "3.5"]
[White "Hartikainen, Markku"]
[Black "Kurkijarvi, Mikko"]
[Result "1-0"]
[WhiteElo "2233"]
[BlackElo "2017"]
[PlyCount "47"]
[EventDate "2019.09.14"]
[EventType "team-tourn"]
[EventRounds "11"]
[EventCountry "FIN"]
[SourceTitle "CBM 192 Extra"]
[Source "Chessbase"]
[SourceDate "2019.11.06"]
[SourceVersion "1"]
[SourceVersionDate "2019.11.06"]
[SourceQuality "1"]
[WhiteTeam "Salo SalSK"]
[BlackTeam "Espoo MatSK II"]
[WhiteTeamCountry "FIN"]
[BlackTeamCountry "FIN"]

1. e4 d5 2. exd5 Qxd5 3. Nc3 Qd8 4. d4 Nf6 5. Nf3 Bg4 6. h3 Bxf3 7. Qxf3 c6 8. Be3 e6 9. 0-0-0 Nbd7 10. Bd3 Qa5 11. Kb1 Bb4 12. Ne4 0-0-0 13. c4 Nxe4 14. Bxe4 Nf6 15. Bc2 Bd6 16. g4 Rd7 17. g5 Ne8 18. d5 cxd5 19. cxd5 Nc7 20. dxe6 fxe6 21. Be4 Nb5 22. Rd3 Rf8 23. Qg4 Re7 24. a4 1-0

[Event "FIN-chT 1920"]
[Site "Finland"]
[Date "2019.09.15"]
[Round "2.5"]
[White "Nivala, Tuomas"]
[Black "Hartikainen, Markku"]
[Result "0-1"]
[WhiteElo "2224"]
[BlackElo "2233"]
[PlyCount "74"]
[EventDate "2019.09.14"]
[EventType "team-tourn"]
[EventRounds "11"]
[EventCountry "FIN"]
[SourceTitle "CBM 192 Extra"]
[Source "Chessbase"]
[SourceDate "2019.11.06"]
[SourceVersion "1"]
[SourceVersionDate "2019.11.06"]
[SourceQuality "1"]
[WhiteTeam "Jyvaskyla JyS"]
[BlackTeam "Salo SalSK"]
[WhiteTeamCountry "FIN"]
[BlackTeamCountry "FIN"]

1. e4 c5 2. Nf3 g6 3. d4 cxd4 4. c3 Bg7 5. Bc4 e6 6. cxd4 d5 7. exd5 exd5 8. Bb5+ Nc6 9. h3 Nge7 10. 0-0 0-0 11. Nc3 Nf5 12. Bxc6 bxc6 13. Bf4 Re8 14. Qd2 Nd6 15. Bxd6 Qxd6 16. Na4 Bf5 17. Qc3 Be4 18. Rfd1 Rab8 19. a3 Qf4 20. Rac1 c5 21. Nxc5 Bxf3 22. Qxf3 Qxf3 23. gxf3 Rxb2 24. Na4 Ra2 25. Nc3 Rxa3 26. Nxd5 Rxf3 27. Kg2 Rb3 28. Rc7 a5 29. Ra7 Re2 30. Ne7+ Kf8 31. Nc6 Bf6 32. Ra8+ Kg7 33. Rxa5 Bh4 34. Rf1 Rg3+ 35. Kh2 Rc3 36. d5 Bxf2 37. Kh1 Bb6 0-1

[Event "Dortmund Sparkassen op 47th"]
[Site "Dortmund"]
[Date "2019.07.21"]
[Round "9"]
[White "Hartikainen, Markku"]
[Black "Bagrationi, Alexander"]
[Result "0-1"]
[WhiteElo "2237"]
[BlackElo "2505"]
[PlyCount "102"]
[EventDate "2019.07.13"]
[EventType "swiss"]
[EventRounds "9"]
[EventCountry "GER"]
[SourceTitle "EXT 2020"]
[Source "ChessBase"]
[SourceDate "2019.10.17"]
[SourceVersion "1"]
[SourceVersionDate "2019.10.17"]
[SourceQuality "1"]

1. e4 c5 2. Nf3 d6 3. d4 cxd4 4. Nxd4 Nf6 5. Nc3 a6 6. Bg5 e6 7. f4 Be7 8. Qf3 Qc7 9. 0-0-0 Nbd7 10. g4 h6 11. Bxf6 Bxf6 12. h4 Qb6 13. Nb3 Be7 14. Bg2 Nc5 15. g5 Nxb3+ 16. axb3 Bd7 17. Kb1 0-0-0 18. Rhe1 Kb8 19. Qg3 Qc5 20. e5 d5 21. f5 hxg5 22. hxg5 Qc7 23. Bxd5 Rh5 24. Qf3 Rxg5 25. fxe6 fxe6 26. Qf7 Bc8 27. Bxe6 Rxd1+ 28. Rxd1 Bxe6 29. Qxe6 Qxe5 30. Qf7 Bf6 31. Rd7 Qe1+ 32. Rd1 Qe7 33. Qg8+ Ka7 34. Qc4 Qc5 35. Qd3 Rg1 36. Rxg1 Qxg1+ 37. Ka2 Qd4 38. Qf5 g5 39. Na4 Kb8 40. c3 Qe5 41. Qf2 g4 42. Qb6 Be7 43. Qg6 Qg5 44. Qe8+ Kc7 45. c4 g3 46. Nc3 g2 47. Nd5+ Kd6 48. Qb8+ Kd7 49. Qxb7+ Ke8 50. Nc7+ Kf7 51. Qf3+ Bf6 0-1

[Event "Dortmund Sparkassen op 47th"]
[Site "Dortmund"]
[Date "2019.07.20"]
[Round "8"]
[White "Oltmanns, Jan"]
[Black "Hartikainen, Markku"]
[Result "0-1"]
[WhiteElo "1970"]
[BlackElo "2237"]
[PlyCount "100"]
[EventDate "2019.07.13"]
[EventType "swiss"]
[EventRounds "9"]
[EventCountry "GER"]
[SourceTitle "EXT 2020"]
[Source "ChessBase"]
[SourceDate "2019.10.17"]
[SourceVersion "1"]
[SourceVersionDate "2019.10.17"]
[SourceQuality "1"]

1. e4 c5 2. Nf3 g6 3. Bd3 Bg7 4. c3 d5 5. Bc2 dxe4 6. Bxe4 Nf6 7. Bc2 Nc6 8. 0-0 0-0 9. Re1 b6 10. d4 cxd4 11. Nxd4 Nxd4 12. Qxd4 Qxd4 13. cxd4 e6 14. Nc3 Bb7 15. Be3 Rfd8 16. Bb3 h6 17. Rac1 Nd5 18. Nxd5 Bxd5 19. Bxd5 Rxd5 20. b3 g5 21. Rc4 Rad8 22. Rc7 Ra5 23. Re2 e5 24. a4 exd4 25. Bd2 Rc5 26. Ree7 Rc8 27. Rxc8+ Rxc8 28. Kf1 Rc2 29. Ke2 Bf8 30. Rd7 Bc5 31. Kd3 Rb2 32. b4 Bxb4 33. Bxb4 Rxb4 34. Rxa7 Rb2 35. Rb7 Rxf2 36. Rxb6 Kg7 37. g3 Rxh2 38. Kxd4 h5 39. Ke4 f6 40. Kf5 Rf2+ 41. Ke4 Re2+ 42. Kf3 Ra2 43. Rb7+ Kg6 44. Ra7 Ra3+ 45. Kf2 Kf5 46. Ra6 Ra2+ 47. Kf1 Kg4 48. Rxf6 Rxa4 49. Rg6 Ra3 50. Kf2 Rf3+ 0-1

[Event "Dortmund Sparkassen op 47th"]
[Site "Dortmund"]
[Date "2019.07.18"]
[Round "6"]
[White "Baerwolf, Steven"]
[Black "Hartikainen, Markku"]
[Result "1-0"]
[WhiteElo "2176"]
[BlackElo "2237"]
[PlyCount "109"]
[EventDate "2019.07.13"]
[EventType "swiss"]
[EventRounds "9"]
[EventCountry "GER"]
[SourceTitle "EXT 2020"]
[Source "ChessBase"]
[SourceDate "2019.10.17"]
[SourceVersion "1"]
[SourceVersionDate "2019.10.17"]
[SourceQuality "1"]

1. e4 c5 2. Nf3 g6 3. d4 cxd4 4. Nxd4 Bg7 5. Nc3 Nc6 6. Be3 Nf6 7. f3 0-0 8. Bc4 Qb6 9. Qd2 Nxe4 10. Nxe4 Bxd4 11. Bxd4 Qxd4 12. Qxd4 Nxd4 13. 0-0-0 Nc6 14. Rhe1 d6 15. Nc3 Rd8 16. g4 Bd7 17. h3 Rac8 18. f4 Kf8 19. Ne4 h6 20. Ng3 a6 21. a3 b5 22. Ba2 a5 23. Rf1 f6 24. f5 g5 25. h4 gxh4 26. Ne2 Ne5 27. Rh1 Bc6 28. Rxh4 Bf3 29. Rxh6 Bxe2 30. Rdh1 Nf7 31. Bxf7 Kxf7 32. Rh7+ Ke8 33. Re1 Bc4 34. Rexe7+ Kf8 35. Ra7 Ra8 36. Rh8+ Bg8 37. Rah7 Re8 38. g5 Re7 39. Rxg8+ Kxg8 40. Rxe7 fxg5 41. f6 Rc8 42. Rg7+ Kf8 43. Rxg5 Rc5 44. Rxc5 dxc5 45. Kd2 Kf7 46. Kd3 Kxf6 47. a4 Ke5 48. axb5 Kd5 49. c4+ Ke5 50. b3 Kd6 51. Ke4 Ke6 52. b6 Kd6 53. b7 Kc7 54. Kd5 Kxb7 55. Kxc5 1-0

[Event "Dortmund Sparkassen op 47th"]
[Site "Dortmund"]
[Date "2019.07.17"]
[Round "5"]
[White "Hartikainen, Markku"]
[Black "Koschetzki, Christian"]
[Result "1-0"]
[WhiteElo "2237"]
[BlackElo "1987"]
[PlyCount "43"]
[EventDate "2019.07.13"]
[EventType "swiss"]
[EventRounds "9"]
[EventCountry "GER"]
[SourceTitle "EXT 2020"]
[Source "ChessBase"]
[SourceDate "2019.10.17"]
[SourceVersion "1"]
[SourceVersionDate "2019.10.17"]
[SourceQuality "1"]

1. e4 c5 2. Nf3 e6 3. c3 Nf6 4. e5 Nd5 5. d4 cxd4 6. cxd4 d6 7. Bc4 Nb6 8. Bb3 Nc6 9. Qe2 dxe5 10. dxe5 Be7 11. 0-0 Bd7 12. Nc3 g5 13. Rd1 g4 14. Nd4 Nxd4 15. Rxd4 h5 16. Bf4 Kf8 17. Rad1 Qe8 18. Ne4 Bc6 19. Nf6 Bxf6 20. exf6 Bd5 21. Bd6+ Kg8 22. Rxg4+ 1-0

[Event "FIN-chT 1819"]
[Site "Finland"]
[Date "2018.09.16"]
[Round "2.5"]
[White "Hartikainen, Markku"]
[Black "Nyysti, Sampsa"]
[Result "1-0"]
[WhiteElo "2242"]
[BlackElo "2307"]
[PlyCount "69"]
[EventDate "2018.09.15"]
[EventType "team-tourn"]
[EventRounds "11"]
[EventCountry "FIN"]
[SourceTitle "CBM 187 Extra"]
[Source "ChessBase"]
[SourceDate "2018.11.04"]
[SourceVersion "1"]
[SourceVersionDate "2018.11.04"]
[SourceQuality "1"]
[WhiteTeam "Salo SalSK"]
[BlackTeam "Helsinki Comeon"]
[WhiteTeamCountry "FIN"]
[BlackTeamCountry "FIN"]

1. e4 e5 2. Nf3 Nc6 3. Bb5 a6 4. Ba4 d6 5. c3 f5 6. exf5 Bxf5 7. d4 e4 8. Qe2 Be7 9. Nfd2 d5 10. f3 Nf6 11. fxe4 dxe4 12. 0-0 Qd7 13. Nc4 b5 14. Ne3 Bg6 15. Bb3 Na5 16. Bc2 0-0 17. b4 Nc6 18. a4 Bh5 19. Qe1 Rae8 20. axb5 axb5 21. Nd2 Bd6 22. Qh4 Be2 23. Rf2 Bd3 24. Bb3+ Kh8 25. Ndf1 Ne7 26. Ng3 c6 27. Ngf5 Nxf5 28. Rxf5 Nd5 29. Rxf8+ Rxf8 30. Bd2 Nxe3 31. Bxe3 Qf5 32. Qe1 Qh5 33. h3 Rf1+ 34. Qxf1 Bxf1 35. Ra8+ 1-0

[Event "FIN-chT 1819"]
[Site "Finland"]
[Date "2018.09.15"]
[Round "1.5"]
[White "Issakainen, Ari"]
[Black "Hartikainen, Markku"]
[Result "1-0"]
[WhiteElo "2174"]
[BlackElo "2242"]
[PlyCount "143"]
[EventDate "2018.09.15"]
[EventType "team-tourn"]
[EventRounds "11"]
[EventCountry "FIN"]
[SourceTitle "CBM 186 Extra"]
[Source "ChessBase"]
[SourceDate "2018.08.24"]
[SourceVersion "1"]
[SourceVersionDate "2018.08.24"]
[SourceQuality "1"]
[WhiteTeam "Helsinki Aatos"]
[BlackTeam "Salo SalSK"]
[WhiteTeamCountry "FIN"]
[BlackTeamCountry "FIN"]

1. d4 d5 2. Nf3 Nf6 3. g3 e6 4. Bg2 Be7 5. 0-0 0-0 6. b3 c5 7. Bb2 Nc6 8. Nbd2 b6 9. c4 Bb7 10. Rc1 cxd4 11. Nxd4 Nxd4 12. Bxd4 Rc8 13. Rc2 Ba6 14. Qa1 dxc4 15. Nxc4 b5 16. Ne3 Rxc2 17. Nxc2 b4 18. Bf3 Qc7 19. Ne3 Rc8 20. Rd1 Bb5 21. Be5 Qb6 22. Rc1 Qa6 23. Rxc8+ Qxc8 24. h4 a5 25. g4 Ne8 26. g5 f6 27. gxf6 Nxf6 28. h5 Qe8 29. Qd4 Bc6 30. Bxc6 Qxc6 31. h6 Qc1+ 32. Kg2 Qc6+ 33. f3 Qc5 34. hxg7 Qxd4 35. Bxd4 Kxg7 36. Ng4 Bd8 37. Nxf6 Bxf6 38. Bb6 Be7 39. Bxa5 Kf6 40. Bc7 Bc5 41. e4 Kg5 42. Kg3 Be7 43. f4+ Kg6 44. Kg4 h5+ 45. Kf3 Bc5 46. Kg3 Be7 47. Bb6 Bd6 48. Kf3 Be7 49. Bf2 Bd6 50. Bh4 Bc5 51. Ke2 Bd6 52. Ke3 Bc5+ 53. Kd3 Bd6 54. Bg3 Be7 55. Kd4 h4 56. Bh2 Bd8 57. Ke3 Kh5 58. Kf3 Bb6 59. f5 exf5 60. exf5 Bc5 61. Ke4 Kg4 62. Ke5 Bf8 63. Ke6 h3 64. f6 Kf3 65. Bd6 Bh6 66. f7 Kg2 67. Ke7 h2 68. Bxh2 Kxh2 69. f8Q Bxf8+ 70. Kxf8 Kg3 71. Ke7 Kf4 72. Kd6 1-0

[Event "FIN-chT 1718"]
[Site "Finland"]
[Date "2017.10.22"]
[Round "4.6"]
[White "Hartikainen, Markku"]
[Black "Al Argha, Hisham"]
[Result "0-1"]
[WhiteElo "2253"]
[BlackElo "2263"]
[PlyCount "86"]
[EventDate "2017.09.16"]
[EventType "team-tourn"]
[EventRounds "11"]
[EventCountry "FIN"]
[SourceTitle "EXT 2019"]
[Source "ChessBase"]
[SourceDate "2018.10.10"]
[SourceVersion "1"]
[SourceVersionDate "2018.10.10"]
[SourceQuality "1"]
[WhiteTeam "Salo SalSK"]
[BlackTeam "Espoo MatSK"]
[WhiteTeamCountry "FIN"]
[BlackTeamCountry "FIN"]

1. e4 e5 2. Nf3 Nc6 3. Bb5 a6 4. Ba4 Nf6 5. 0-0 b5 6. Bb3 Bb7 7. Re1 Bc5 8. c3 d6 9. d3 h6 10. Nbd2 g5 11. Nf1 g4 12. Nh4 Nxe4 13. Rxe4 Qxh4 14. g3 Qf6 15. d4 Bb6 16. Qxg4 Ne7 17. Re1 exd4 18. cxd4 Bxd4 19. Bf4 Kf8 20. Re2 Ng6 21. Rae1 Nxf4 22. Qxf4 Qxf4 23. gxf4 Bf6 24. Ng3 h5 25. Ne4 Rg8+ 26. Kf1 Bh4 27. Ng3 Bf6 28. Ne4 Bxe4 29. Rxe4 c6 30. Rc1 c5 31. Rce1 c4 32. Bd1 d5 33. R4e3 d4 34. Re4 d3 35. Bxh5 Rh8 36. Bf3 Rd8 37. Rb1 Rxh2 38. Kg1 Rh4 39. Kg2 Rd4 40. Kg3 Rxe4 41. Bxe4 Rh6 42. Kf3 Bd4 43. Kg3 Ke7 0-1

[Event "EU-ch rapid"]
[Site "Tallinn"]
[Date "2016.12.16"]
[Round "9"]
[White "Khalifman, Alexander"]
[Black "Hartikainen, Markku"]
[Result "1/2-1/2"]
[WhiteElo "2617"]
[BlackElo "2300"]
[PlyCount "151"]
[EventDate "2016.12.15"]
[EventType "swiss (rapid)"]
[EventRounds "11"]
[EventCountry "EST"]
[SourceTitle "CBM 176 Extra"]
[Source "ChessBase"]
[SourceDate "2017.03.02"]
[SourceVersion "1"]
[SourceVersionDate "2017.03.02"]
[SourceQuality "1"]

1. d4 Nf6 2. c4 g6 3. Nf3 Bg7 4. g3 0-0 5. Bg2 d6 6. 0-0 Nc6 7. Nc3 a6 8. Bf4 Rb8 9. Rc1 Bf5 10. Qd2 Ne4 11. Nxe4 Bxe4 12. d5 Bxf3 13. Bxf3 Ne5 14. Bg2 c5 15. dxc6 bxc6 16. b4 Qb6 17. c5 Qxb4 18. Qxb4 Rxb4 19. cxd6 exd6 20. Bxc6 Rb2 21. Bd5 Rxe2 22. Rfd1 h5 23. Bb3 Nf3+ 24. Kg2 Nd4 25. Bc4 Rb2 26. Bxd6 Re8 27. Re1 Rd8 28. Ba3 Rc2 29. Red1 Rc8 30. Bd3 Rxc1 31. Rxc1 Ra8 32. Bd6 Nb5 33. Bf4 Nc3 34. Bc4 a5 35. Bd2 Ne4 36. Be1 Ra7 37. Bd5 Nf6 38. Rc8+ Kh7 39. Bf3 Ng4 40. Ra8 Rxa8 41. Bxa8 a4 42. Bd5 f5 43. h3 Ne5 44. Bb4 Nd3 45. Bd6 Bd4 46. f4 Nc5 47. Kf3 Kg7 48. Be7 Nd3 49. g4 hxg4+ 50. hxg4 fxg4+ 51. Kxg4 Bc5 52. Bd8 a3 53. Kf3 Nb4 54. Bc4 Nc6 55. Bg5 Nb4 56. Ke4 Nc2 57. Bd8 Nb4 58. Bc7 Kf6 59. Be5+ Ke7 60. Bc3 Ke8 61. Bd2 Ke7 62. Bc1 Nc2 63. Bd3 Nb4 64. Bb1 Na6 65. Kd5 Bd6 66. Bd2 Nc7+ 67. Ke4 Ne6 68. Bc2 Nc5+ 69. Kf3 Kf6 70. Bc3+ Kf7 71. Bb4 Nb7 72. Bb3+ Kf6 73. Bc3+ Ke7 74. Bc2 Kf7 75. Ke4 Ke6 76. Bb3+ 1/2-1/2

[Event "EU-ch rapid"]
[Site "Tallinn"]
[Date "2016.12.15"]
[Round "5"]
[White "Tregubov, Pavel V"]
[Black "Hartikainen, Markku"]
[Result "1-0"]
[WhiteElo "2585"]
[BlackElo "2300"]
[PlyCount "59"]
[EventDate "2016.12.15"]
[EventType "swiss (rapid)"]
[EventRounds "11"]
[EventCountry "EST"]
[SourceTitle "CBM 176 Extra"]
[Source "ChessBase"]
[SourceDate "2017.03.02"]
[SourceVersion "1"]
[SourceVersionDate "2017.03.02"]
[SourceQuality "1"]

1. d4 Nf6 2. c4 g6 3. Nc3 Bg7 4. e4 d6 5. Bg5 0-0 6. Qd2 c5 7. d5 e6 8. Bd3 exd5 9. Nxd5 Be6 10. Ne2 Bxd5 11. exd5 Nbd7 12. 0-0 Ne5 13. Nc3 Qa5 14. Be2 Qb4 15. Qf4 Qxb2 16. Rfc1 Nh5 17. Qh4 f6 18. Be3 f5 19. Rab1 Qa3 20. Bxh5 gxh5 21. Rxb7 f4 22. Bd2 Rab8 23. Rxb8 Rxb8 24. Qxf4 Nd3 25. Qxd6 Rf8 26. Rb1 Nxf2 27. Rb8 Ng4 28. Qe6+ Kh8 29. Rxf8+ Bxf8 30. Nb5 1-0